| 000 | 01542nam a2200253 a 4500 | ||
|---|---|---|---|
| 001 | 84526 | ||
| 003 | BD-RjUL | ||
| 005 | 20241211152315.0 | ||
| 008 | 241211s2014 bg ||||| |||| 00| 0 ben d | ||
| 020 | _a9789843367006 | ||
| 035 | _a(BD-RjUL)84526 | ||
| 040 |
_aBD-RjUL _beng _cBD-RjUL |
||
| 041 | _aben | ||
| 082 |
_223 _a297.12516 _bALT 2014 |
||
| 100 |
_aআল-হাররানি ,শেখ আবু মুহাম্মাদ আল-হাসান ইবনে আলী ইবনিল হুসাইন ইবনে শু'বা _914671 |
||
| 245 |
_aতুহাফুল উকুল : _bআন আলের রাসূল (সা.) / _cমূল : শেখ আবু মুহাম্মাদ আল-হাসান ইবনে আলী ইবনিল হুসাইন ইবনে শু'বা আল-হাররানি (রহ.); অনুবাদ : আব্দুল কুদ্দুস বাদশা |
||
| 260 |
_aঢাকা : _bআহলে বাইত (আ.) বিশ্ব সংস্থা, ইরান ও মাবন উন্নয়ন সংস্থা ঢাকা, _c২০১৪ |
||
| 300 |
_a৪৫৬ পৃ.; _b২৫ সেমি. |
||
| 520 | 0 | 1 | _aPart 5-7 together (Part.5 Motivation and Emotion--Part.6 Personality and abnormal psychology--Part.7 Social Behavior) |
| 650 |
_aহাদিস _vব্যাখ্যা _914672 |
||
| 650 |
_aHadith _vInterpretation _914673 |
||
| 700 |
_aবাদশা, আব্দুল কুদ্দুস _914674 |
||
| 942 |
_2ddc _cBK |
||
| 999 |
_c84526 _d84526 |
||